Manual para el diseño de instalaciones eléctricas

Salvato in:
Dettagli Bibliografici
Autore principale: Salazar Gutiérrez, Jorge Alberto
Natura: Libro
Pubblicazione: 1984
Tags: Aggiungi Tag
Nessun Tag, puoi essere il primo ad aggiungerne!!

MARC

LEADER 00000nam a2200000Ia 4500
003 002486
005 20221231144409.0
008 140114s1984 cr a m 000 ||s d
040 |c cru CEDI 
090 |a TFG 1534 
100 |a Salazar Gutiérrez, Jorge Alberto   |9 14862 
245 |a Manual para el diseño de instalaciones eléctricas 
260 |c 1984 
300 |a xii,152[79]hojas  
500 |a Proyecto de graduación (bachiller en ingeniería eléctrica)--Universidad de Costa Rica. Facultad de Ingeniería. Escuela de Ingeniería Eléctrica."IE-502 Proyecto Eléctrico 1" 
942 |c TFG 
999 |c 21282  |d 21282